<?xml version="1.0" encoding="UTF-8"?>
<collection xmlns="http://www.loc.gov/MARC21/slim">
 <record>
  <leader>02469pam a22002778a 4500</leader>
  <controlfield tag="001">00034485</controlfield>
  <controlfield tag="005">20200730160706.0</controlfield>
  <controlfield tag="008">160927s2016                  ||||||viesd</controlfield>
  <datafield tag="020" ind1="#" ind2="#">
   <subfield code="a">976045853627</subfield>
   <subfield code="c">86000</subfield>
  </datafield>
  <datafield tag="041" ind1="0" ind2="#">
   <subfield code="a">vie</subfield>
  </datafield>
  <datafield tag="082" ind1="1" ind2="4">
   <subfield code="a">370.109 73</subfield>
   <subfield code="b">TR308L</subfield>
  </datafield>
  <datafield tag="100" ind1="1" ind2="#">
   <subfield code="a">Lê, Văn Tùng</subfield>
  </datafield>
  <datafield tag="245" ind1="1" ind2="0">
   <subfield code="a">Triết lý giáo dục Mỹ</subfield>
   <subfield code="c">Lê Văn Tùng</subfield>
   <subfield code="b">Sách chuyên khảo</subfield>
  </datafield>
  <datafield tag="260" ind1="#" ind2="#">
   <subfield code="a">T.P. Hồ Chí Minh</subfield>
   <subfield code="b">Tổng hợp T.P. Hồ Chí Minh</subfield>
   <subfield code="c">2016</subfield>
  </datafield>
  <datafield tag="300" ind1="#" ind2="#">
   <subfield code="a">190 tr.</subfield>
   <subfield code="c">24 cm.</subfield>
  </datafield>
  <datafield tag="504" ind1="#" ind2="#">
   <subfield code="a">Thư mục cuối chính văn</subfield>
  </datafield>
  <datafield tag="653" ind1="#" ind2="#">
   <subfield code="a">Giáo dục</subfield>
  </datafield>
  <datafield tag="653" ind1="#" ind2="#">
   <subfield code="a">Triết lý</subfield>
  </datafield>
  <datafield tag="653" ind1="#" ind2="#">
   <subfield code="a">Thế kỷ 20</subfield>
  </datafield>
  <datafield tag="653" ind1="#" ind2="#">
   <subfield code="a">Sách chuyên khảo</subfield>
  </datafield>
  <datafield tag="653" ind1="#" ind2="#">
   <subfield code="a">Mỹ</subfield>
  </datafield>
  <datafield tag="852" ind1="#" ind2="#">
   <subfield code="b">Kho đọc</subfield>
   <subfield code="j">KD.0017885</subfield>
  </datafield>
  <datafield tag="852" ind1="#" ind2="#">
   <subfield code="b">Kho mượn</subfield>
   <subfield code="j">KM.0018906, KM.0018914, KM.0018915, KM.0018916, KM.0018917, KM.0018918, KM.0019044, KM.0019045, KM.0019046, KM.0019047, KM.0019048, KM.0019049, KM.0019050, KM.0019051, KM.0019052, KM.0019053, KM.0019054, KM.0019055, KM.0019056, KM.0019057, KM.0019058, KM.0019059, KM.0019060, KM.0019061,  KM.0019063, KM.0019064, KM.0019065, KM.0019066, KM.0019067, KM.0019068, KM.0019069, KM.0019070, KM.0019071, KM.0019072, KM.0019073, KM.0019074, KM.0019075, KM.0019076, KM.0019077, KM.0019078, KM.0019079, KM.0019080, KM.0019081, KM.0019082, KM.0019083, KM.0019084, KM.0019085, KM.0019086, KM.0019087, KM.0019088, KM.0019089, KM.0019090, KM.0019091, KM.0019092, KM.0019093, KM.0019094, KM.0019095, KM.0019096, KM.0019082, KM.0019030, KM.0019031, KM.0019032, KM.0019033, KM.0019034, KM.0019035, KM.0019036, KM.0019037, KM.0019038, KM.0019039, KM.0019040, KM.0019041, KM.0019042, KM.0019043</subfield>
  </datafield>
  <datafield tag="852" ind1="#" ind2="#">
   <subfield code="j">KM.0018906</subfield>
   <subfield code="j">KM.0018914</subfield>
   <subfield code="j">KM.0018916</subfield>
   <subfield code="j">KM.0018917</subfield>
   <subfield code="j">KM.0019034</subfield>
   <subfield code="j">KM.0019035</subfield>
   <subfield code="j">KM.0019037</subfield>
   <subfield code="j">KM.0019038</subfield>
   <subfield code="j">KM.0019040</subfield>
   <subfield code="j">KM.0019041</subfield>
   <subfield code="j">KM.0019043</subfield>
   <subfield code="j">KM.0019044</subfield>
   <subfield code="j">KM.0019045</subfield>
   <subfield code="j">KM.0019047</subfield>
   <subfield code="j">KM.0019048</subfield>
   <subfield code="j">KM.0019050</subfield>
   <subfield code="j">KM.0019051</subfield>
   <subfield code="j">KM.0019053</subfield>
   <subfield code="j">KM.0019054</subfield>
   <subfield code="j">KM.0019057</subfield>
   <subfield code="j">KM.0019058</subfield>
   <subfield code="j">KM.0019059</subfield>
   <subfield code="j">KM.0019060</subfield>
   <subfield code="j">KM.0019063</subfield>
   <subfield code="j">KM.0019065</subfield>
   <subfield code="j">KM.0019066</subfield>
   <subfield code="j">KM.0019068</subfield>
   <subfield code="j">KM.0019069</subfield>
   <subfield code="j">KM.0019071</subfield>
   <subfield code="j">KM.0019072</subfield>
   <subfield code="j">KM.0019074</subfield>
   <subfield code="j">KM.0019075</subfield>
   <subfield code="j">KM.0019077</subfield>
   <subfield code="j">KM.0019078</subfield>
   <subfield code="j">KM.0019080</subfield>
   <subfield code="j">KM.0019081</subfield>
   <subfield code="j">KM.0019031</subfield>
   <subfield code="j">KD.0017885</subfield>
   <subfield code="j">KM.0018915</subfield>
   <subfield code="j">KM.0018918</subfield>
   <subfield code="j">KM.0019030</subfield>
   <subfield code="j">KM.0019032</subfield>
   <subfield code="j">KM.0019033</subfield>
   <subfield code="j">KM.0019036</subfield>
   <subfield code="j">KM.0019039</subfield>
   <subfield code="j">KM.0019042</subfield>
   <subfield code="j">KM.0019046</subfield>
   <subfield code="j">KM.0019049</subfield>
   <subfield code="j">KM.0019052</subfield>
   <subfield code="j">KM.0019055</subfield>
   <subfield code="j">KM.0019056</subfield>
   <subfield code="j">KM.0019061</subfield>
   <subfield code="j">KM.0019064</subfield>
   <subfield code="j">KM.0019067</subfield>
   <subfield code="j">KM.0019070</subfield>
   <subfield code="j">KM.0019073</subfield>
   <subfield code="j">KM.0019076</subfield>
   <subfield code="j">KM.0019079</subfield>
   <subfield code="j">KM.0019082</subfield>
  </datafield>
  <datafield tag="910" ind1="#" ind2="#">
   <subfield code="d">27/09/2016</subfield>
  </datafield>
  <datafield tag="980" ind1="#" ind2="#">
   <subfield code="a">Trung tâm Học liệu Lê Vũ Hùng, Trường Đại học Đồng Tháp</subfield>
  </datafield>
 </record>
</collection>
